00340nam a2200133Ia 4500008004100000041000800041082002000049100003200069245003600101260003200137300000900169502001100178999001700189230128s9999 xx 000 0 und d aeng aPOT PR0221bPOT aPotnis M U (2K4221)9118964 aSales and Purchase Order System c2006bPune UniversityaPune a110p cVaze S c97262d97262